000 00650cam a22002417a 4500
999 _c506
_d231010
001 000508
003 armpunfd
005 20180524163447.0
008 011019e1964####xx#a##########000#0#und#d
040 _aarmpunfd
_carmpunfd
080 _a343 J 564
100 1 0 _a Jimenez De Asua, Luis
245 1 0 _aTratado de derecho penal
260 _a Buenos Aires
_b Losada
_c1964
300 _av.
500 _ala biblioteca posee: v.1; ##
_a2; ##
_a3 y 7
650 7 _a Derecho Penal
_2LEMB
942 _cLB
_2cdu
945 _aCatalis
_d2010-08-19
945 _aCatalis
_d2010-08-19
945 _aCatalis
_d2010-08-19
945 _aCatalis
_d2010-08-19